000
00307 a2200133 4500
999
_c
12672
_d
12672
008
240704b ||||| |||| 00| 0 eng d
020
_a
9780262600231
082
_a
711.41
100
_a
Allan B. Jacobs
245
_a
Great Streets
260
_b
The MIT Press
_c
1995
300
_a
330p;
942
_2
ddc